Statistics for Countries that Beat Brazil

Click here to take the quiz!

General Stats

  • This quiz has been taken 11,456 times
  • The average score is 10 of 16

Answer Stats

Rank Category Countries % Correct
5Highest populationChina, India, United States, Indonesia
99%
7Southernmost pointChile, Argentina, Australia, ...
98%
4Most countries borderedChina, Russia, France
95%
2Most stars on its flagUnited States
87%
2Most forestRussia
82%
2Highest Christian populationUnited States
72%
11Highest murder rateEl Salvador, Honduras, Venezuela, ...
67%
6Capital city furthest from the capitals of other countriesAustralia, New Zealand, East Timor, ...
64%
2Most tropical rainforestIndonesia
61%
2Most cathedralsItaly
52%
4Banana productionIndia, China, Indonesia
44%
2# times hosting the men's FIFA World Cup (through 2026)Mexico
30%
4Cocoa productionIvory Coast, Ghana, Indonesia
30%
2Most area covered by mangrovesIndonesia
26%
7Most recently-founded capital cityPalau, Myanmar, Nigeria, ...
26%
2Iron ore productionAustralia
21%

Score Distribution

Percentile by Number Answered

Percent of People with Each Score

Your Score History

You have not taken this quiz